000
00212 a2200097 4500
001
30885
100
_a
Patai
245
_a
The Arab Mind
260
_a
New York
_b
Charles Serisner's Sosn
_c
090
_c
20780
_d
20780
942
_a
NUST-CAE
_c
M
_c
11981
999
_c
265958
_d
265958